Človek a voľný čas

Bibliographic Details
Main Author: Labudová, Jela, 1944- (Author)
Format: Article
Language:Slovak
Subjects:

MARC

LEADER 00000nab a2200000 a 4500
001 vtls000364159
003 SK-MaSNL
005 20260304212531.0
008 111202c1989 xo 0 slo
015 |a SNBRB19rr/mm-uuuuu 
035 |a CL0364281 
040 |a SNKBUCL  |b slo  |c SNKBUCL  |e AACR2 
041 0 |a slo 
044 |a xo  |c SK 
080 |a 379.8:30  |2 1981 
080 |a 30  |2 1981 
080 |a 303.8  |2 1981 
100 1 |a Labudová, Jela,  |d 1944-  |4 aut  |9 231285 
245 1 0 |a Človek a voľný čas  |c J. Labudová 
650 0 7 |a človek  |2 snkbucl  |9 16150 
650 0 7 |a voľný čas  |2 snkbucl  |9 3355 
655 7 |a články z novín a časopisov  |2 snkbucl  |9 267496 
773 0 |t Horizont  |g Roč. 25, č. 8 (1989), s. 33-35 
850 |a Slovenská národná knižnica v Martine  |a MTA001 
852 |a SNK  |b KIS3GCP 
958 |a RK 
992 |a RBX 
999 |c 3131817  |d 3133747